000 00588nam a22002057a 4500
003 OSt
005 20140310182828.0
008 130530t xxu||||| |||| 00| 0 eng d
020 _a9789710509034
050 _aLA 1292
_b.B148 2008
082 _aFIL 370.19346
_bB148 2008
245 _aSocial dimensions in Philippine education /
_cBago, Adelaida L.
260 _aValenzuela City :
_bBookchoice Publishing,
_c2008
300 _aviii, 213 p. :
_bill. ;
_c23 cm.
521 _acollege students
526 _c1210L-1700L
541 _j1
562 _e1
942 _2lcc
_cBK
_kM
999 _c16570
_d16570